000 00749nam a2200241 a 4500
001 77023
003 BD-RjUL
005 20211209082922.0
008 200216s19321931nyu 000 0 eng
035 _a(BD-RjUL)77247
040 _aDLC
_cCarP
_dDLC
_dBD-RjUL
_beng
041 _aeng
082 _223
_a823.912
_bMCH 1932
100 1 _aMcFee, William,
_d1881-
_9239393
245 1 4 _aThe harbourmaster :
_ba novel /
_cWilliam McFee.
260 _aGarden City, N.Y. :
_bDoubleday, Doran & company, inc.,
_cc1931, [printing1932 ]
300 _a5 p.l., 439 p.;
_c21 cm.
650 _aMarried people
_xFiction
_9239394
650 _aCulture conflict
_xFiction
_9239395
942 _2ddc
_cBK
999 _c77023
_d77023